| 000 | 00519nam a2200169Ia 4500 | ||
|---|---|---|---|
| 005 | 20250508160021.0 | ||
| 008 | 008 250505s9999 xx 000 0 eng d | ||
| 037 | _aBooks to be hide in OPAC | ||
| 040 |
_aFEDL _beng _cFEDL |
||
| 041 |
_aeng _2eng |
||
| 084 |
_a378.547, LAH/O _qFEDL |
||
| 245 | 0 | _aInspection reports aitchison college Lahore | |
| 260 |
_aNew Delhi, India _bThe Manager Government of India Press _c1934 |
||
| 300 | _a39p. | ||
| 942 |
_cHB _h378.547, LAH/O |
||
| 999 |
_c1361062 _d1361062 |
||